O` mur dhunia kapou ful (Record no. 3830)
[ view plain ]
| 000 -LEADER | |
|---|---|
| fixed length control field | 00495cam a2200205ua 4500 |
| 001 - CONTROL NUMBER | |
| control field | 4010 |
| 005 - DATE AND TIME OF LATEST TRANSACTION | |
| control field | 20260515113753.0 |
| 008 - FIXED-LENGTH DATA ELEMENTS--GENERAL INFORMATION | |
| fixed length control field | 111213n ii |||gr||||Z||||||asm |
| 020 ## - INTERNATIONAL STANDARD BOOK NUMBER | |
| International Standard Book Number | 81-85905-87-8 |
| 040 ## - CATALOGING SOURCE | |
| Transcribing agency | MAIN |
| 082 ## - DEWEY DECIMAL CLASSIFICATION NUMBER | |
| Classification number | 891.4511 |
| 100 1# - MAIN ENTRY--PERSONAL NAME | |
| Personal name | Narah, Jiban, |
| 245 11 - TITLE STATEMENT | |
| Title | O` mur dhunia kapou ful |
| Statement of responsibility, etc. | by Jiban Narah |
| 250 ## - EDITION STATEMENT | |
| Edition statement | 1st. |
| 260 ## - PUBLICATION, DISTRIBUTION, ETC. | |
| Place of publication, distribution, etc. | Guwahati: |
| Name of publisher, distributor, etc. | Students stores,994. |
| 300 ## - PHYSICAL DESCRIPTION | |
| Extent | 56p:5cm. |
| 653 ## - INDEX TERM--UNCONTROLLED | |
| Uncontrolled term | Assamese poem |
| 653 ## - INDEX TERM--UNCONTROLLED | |
| Uncontrolled term | O` mur dhunia kapou ful |
| 942 ## - ADDED ENTRY ELEMENTS (KOHA) | |
| Koha item type | Books |
| Withdrawn status | Lost status | Damaged status | Not for loan | Home library | Current library | Shelving location | Date acquired | Total checkouts | Full call number | Barcode | Date last seen | Date last checked out | Copy number | Price effective from | Koha item type |
|---|---|---|---|---|---|---|---|---|---|---|---|---|---|---|---|
| Naharkatiya College Library | Naharkatiya College Library | General stacks | 09/19/2020 | 1 | 891.4511 | NAR | 10645 | 06/10/2025 | 05/24/2025 | 1 | 09/19/2020 | Books |